000 00775nam a2200205 a 4500
005 20210809104310.0
008 210809s2003 ck |||gr|||| 00| 0 spa d
040 _aCO-BoUCM
_cDeissy Garcia
_dDeissy Garcia
041 0 _aspa
100 1 _9104594
_aArdila Galvis, Constanza
245 1 0 _aManejo y resolución de conflictos
_buna visinón constructiva del conflicto
_cConstanza Ardila Galvis, Corporación Educativa Cedavida
260 _a[Bogotá]
_bCedavida
_c2003
300 _a87 páginas
504 _aIncluye referencias bibliográficas
650 7 _924842
_aSolución de conflictos
650 7 _911577
_aConflictos
710 2 _aCorporación Educativa Cedavida
_9104595
942 _cLIBRO
_2DEWEY
_a5
_e1
_h303.66
_mA676m
_n0
999 _c318891
_d318891